000 00664nam a2200193 i 4500
001 35024
003 ES-MaACL
005 20250822162339.0
007 t|
008 030211s1962 sp ||||1| spa d
100 1 _aBorrás, Tomás,
_d1891-1976
_930556
245 1 0 _aMomentos estelares de España /
_cpor Tomás Borrás y Domingo Manfredi ; portada e ilustraciones por Miguel Millán.
260 _a[Madrid] :
_bPub. Españolas Magerit,
_c[1962]
300 _a197 p. :
_bil. ;
_c20 cm.
700 1 _aManfredi Cano, Domingo,
_d1918-1998
_975997
700 1 _aMillán, Miguel.
_981136
852 _aES-MaACL
_jC-24875
_bR.53619
999 _c35024
_d35024